Les plus gros transferts du football - Gardiens de but - 2011-2012 - Statistiques

Statistiques générales
  • Ce quiz a été pris 27 fois
  • Le résultat moyen est 4 sur 10
Statistiques - réponses
Montant de transfert (M €) Nationalité Venant de Allant à Joueur % Correct
30,00 Allemagne FC Schalke 04 Bayern Munich Manuel Neuer
100%
25,00 Espagne Atlético Madrid Manchester United David de Gea
96%
8,95 Belgique KRC Genk Chelsea Thibaut Courtois
96%
6,75 Uruguay Lazio Rome Galatasaray Fernando Muslera
54%
7,33 Pays-Bas Ajax AS Roma Maarten Stekelenburg
27%
9,00 France Fiorentina Genoa Sébastien Frey
27%
7,80 Allemagne VfB Stuttgart Bayer Leverkusen Bernd Leno
19%
8,50 Italie Inter Palermo Emiliano Viviano
8%
8,60 Espagne Benfica Real Zaragoza Roberto
8%
7,00 Russie Dinamo Moscou Anzhi Vladimir Gabulov
0%
Aucun quiz correspondant
Distribution des résultats
% des personnes avec chaque résultat
Percentile par nombre de réponses
Votre historique - résultats
Vous n’avez pas pris ce quiz